| 000 | 00347nam a22001457a 4500 | ||
|---|---|---|---|
| 020 | _qHB. | ||
| 040 | _cFIZZA ISHAQ | ||
| 082 |
_a005.453 _bKEI |
||
| 100 |
_aLINDA,COOPER D.KEITH. _989363 |
||
| 245 |
_aENGINEERING COMPILER / _cKEITH D.COOPER LINDA. |
||
| 250 | _a2nd ED. | ||
| 260 |
_aNEW YORK. _c2012. |
||
| 300 | _a800 P. ; | ||
| 942 |
_2ddc _cBK |
||
| 999 |
_c588130 _d588130 |
||